000 01269cam a22002054a 4500
005 20250605164049.0
008 250528s ||||||||||||||||||||||||d
035 _a17232
020 _a198284454
040 _aGR-AtMCL
_bgre
_dGR-AtMCL
_eAACR2
245 1 _aThe Economic History of Eastern Europe 1919-1975 / Volume II: Interwar Policy the War and Reconstruction
260 _bClarendon Press,
_c1986
300 _a670
520 _aNotes, List of Maps, Interwar Economic Policies, The Role of the State in Industry and Banking and Trade, Military Budgets and the Armaments Industry, Public Finance, International Credit and Finance, The Second World War, The German Economic Programme in Eastern Europe, Territorial Changes and Population Movements and Labour Supplies, Changes in Property Relationships and Financial Arrangements, Agriculture and Food, Energy and Materials, The Development of Industry, The Bohemian-Moravian War Economy, Postwar Reconstruction, The Collapse of German Hegemony and Its Economic Consequences, International Finance and Monetary Reforms, Postwar Reconstruction and Socio-Economic Transformation, Index.
700 1 _aKaser C. M
_93393
700 1 _aRadice A. E
_93394
942 _cBK
999 _c2662
_d2662